[Event "ENCI Limburg-open A"]
[Site "Maastricht"]
[Date "2011.06.12"]
[Round "5"]
[White "Ducarmon, Quinten"]
[Black "Miedema, David"]
[Result "1-0"]
[WhiteElo "2347"]
[BlackElo "2409"]
[PlyCount "49"]
[EventDate "2011.06.10"]
[EventType "swiss"]
[EventRounds "7"]
[EventCountry "NED"]
[Source "P.Boonen"]
[SourceDate "2012.01.01"]

1. e4 c6 2. d4 d5 3. exd5 cxd5 4. c4 Nf6 5. Nc3 Nc6 6. Bg5 dxc4 7. Bxc4 h6 8.
Bxf6 exf6 9. Qh5 g6 10. Qe2+ Be7 11. Nf3 O-O 12. O-O Re8 13. Rad1 Bg4 14. h3
Bf8 15. Bxf7+ Kxf7 16. Qc4+ Be6 17. d5 Qc8 18. dxe6+ Rxe6 19. Rfe1 Ne5 20.
Nxe5+ fxe5 21. Qb5 Bc5 22. Rd7+ Kg8 23. Ne4 b6 24. Qb3 Qc6 25. Rd6 1-0

[Event "ENCI Limburg-open A"]
[Site "Maastricht"]
[Date "2011.06.12"]
[Round "5"]
[White "Ducarmon, Renzo"]
[Black "Friese, Henning"]
[Result "1-0"]
[WhiteElo "1960"]
[BlackElo "2077"]
[PlyCount "39"]
[EventDate "2011.06.10"]
[EventType "swiss"]
[EventRounds "7"]
[EventCountry "NED"]
[Source "P.Boonen"]
[SourceDate "2012.01.01"]

1. e4 c5 2. Nf3 d6 3. d4 cxd4 4. Nxd4 Nf6 5. Nc3 a6 6. Bc4 e6 7. O-O b5 8. Bb3
Bb7 9. f3 Nbd7 10. Qe1 Be7 11. Bxe6 fxe6 12. Nxe6 Qc8 13. Nxg7+ Kf7 14. Nf5 Bf8
15. Bh6 b4 16. Na4 d5 17. e5 Bc5+ 18. Nxc5 Qxc5+ 19. Be3 Qxc2 20. Nd6+ 1-0

[Event "ENCI Limburg-open A"]
[Site "Maastricht"]
[Date "2011.06.12"]
[Round "5"]
[White "Ernst, Sipke"]
[Black "Driessens, Patrick"]
[Result "1-0"]
[WhiteElo "2596"]
[BlackElo "2324"]
[PlyCount "83"]
[EventDate "2011.06.10"]
[EventType "swiss"]
[EventRounds "7"]
[EventCountry "NED"]
[Source "P.Boonen"]
[SourceDate "2012.01.01"]

1. d4 e6 2. Nf3 f5 3. c4 Nf6 4. Nc3 Bb4 5. Qb3 Qe7 6. g3 Ne4 7. Bg2 O-O 8. O-O
Bxc3 9. bxc3 d6 10. Nd2 Nxd2 11. Bxd2 Nd7 12. e4 fxe4 13. Bxe4 Qf7 14. Rae1 Nf6
15. Bg2 Rb8 16. Qa3 Bd7 17. f3 a6 18. c5 Bb5 19. Rf2 Rbd8 20. Bh3 Rfe8 21. cxd6
cxd6 22. Qa5 Bc4 23. Bf4 Qh5 24. Qxh5 Nxh5 25. Bg5 Nf6 26. a4 e5 27. Rd1 Kf7
28. Rfd2 e4 29. Bxf6 Kxf6 30. fxe4 Rxe4 31. Rf2+ Kg5 32. d5 g6 33. Rf7 b5 34.
axb5 axb5 35. Rxh7 Ra8 36. Bg2 Re2 37. Rf1 Rc2 38. Re1 Raa2 39. Bf3 Rxc3 40.
h4+ Kf6 41. Re6+ Kf5 42. Rf7# 1-0

[Event "ENCI Limburg-open A"]
[Site "Maastricht"]
[Date "2011.06.12"]
[Round "5"]
[White "Fedorchuk, Sergey A"]
[Black "Shchekachev, Andrei"]
[Result "1/2-1/2"]
[WhiteElo "2654"]
[BlackElo "2528"]
[PlyCount "21"]
[EventDate "2011.06.10"]
[EventType "swiss"]
[EventRounds "7"]
[EventCountry "NED"]
[Source "P.Boonen"]
[SourceDate "2012.01.01"]

1. e4 e5 2. Nf3 Nc6 3. Nc3 Nf6 4. Bb5 Bb4 5. O-O O-O 6. Bxc6 dxc6 7. Nxe5 Bxc3
8. dxc3 Qxd1 9. Rxd1 Nxe4 10. Nd3 Bf5 11. Bf4 1/2-1/2

[Event "ENCI Limburg-open A"]
[Site "Maastricht"]
[Date "2011.06.12"]
[Round "5"]
[White "Goudriaan, Etienne"]
[Black "Dalemans, Diana"]
[Result "0-1"]
[WhiteElo "2307"]
[BlackElo "1947"]
[PlyCount "68"]
[EventDate "2011.06.10"]
[EventType "swiss"]
[EventRounds "7"]
[EventCountry "NED"]
[Source "P.Boonen"]
[SourceDate "2012.01.01"]

1. d4 Nf6 2. Nf3 g6 3. c4 Bg7 4. Nc3 d5 5. Bf4 O-O 6. e3 c6 7. Rc1 a6 8. cxd5
cxd5 9. Bd3 Nc6 10. h3 Nh5 11. Bh2 f5 12. Nxd5 Kh8 13. Nf4 Nxf4 14. Bxf4 Qa5+
15. Kf1 Qxa2 16. h4 h5 17. Rh3 Be6 18. Rg3 Bf7 19. Kg1 Nb4 20. Bb1 Qxb2 21. Ne5
Kh7 22. e4 Bxe5 23. dxe5 Rad8 24. Qf3 e6 25. Rc7 Qxb1+ 26. Kh2 Rd1 27. Rxg6
Rh1+ 28. Kg3 Kxg6 29. Bh6 Rg8 30. Qf4 Kh7+ 31. Bg5 Rg7 32. Rxb7 Qd3+ 33. f3 Qc3
34. exf5 Qe1# 0-1

[Event "ENCI Limburg-open A"]
[Site "Maastricht"]
[Date "2011.06.12"]
[Round "5"]
[White "Gunther, Justin"]
[Black "Fuhs, Juergen"]
[Result "1-0"]
[WhiteElo "2054"]
[BlackElo "2133"]
[PlyCount "94"]
[EventDate "2011.06.10"]
[EventType "swiss"]
[EventRounds "7"]
[EventCountry "NED"]
[Source "P.Boonen"]
[SourceDate "2012.01.01"]

1. e4 c5 2. Nf3 e6 3. d4 cxd4 4. Nxd4 a6 5. Nc3 Qc7 6. Be3 Nf6 7. f3 Bb4 8. Qd2
Bxc3 9. bxc3 d5 10. Bd3 dxe4 11. fxe4 Nbd7 12. Nb3 b6 13. O-O Bb7 14. Qf2 O-O
15. Qh4 Qc6 16. Rf2 e5 17. Nd2 Qxc3 18. Raf1 Rac8 19. Rf3 Rfe8 20. Rg3 Re6 21.
Bh6 Qd4+ 22. Kh1 Ne8 23. Be3 Qb4 24. Qh3 Nf8 25. a3 Qa4 26. Bg5 b5 27. Qf5 Rc7
28. Nf3 Bc8 29. Bd8 Rc5 30. Qg5 Ng6 31. Qe3 Rcc6 32. Ng5 Red6 33. Nxf7 Rd7 34.
Qf2 Nf6 35. Nh6+ Kf8 36. Bxf6 gxf6 37. Rf3 Rdd6 38. Qg3 Qa5 39. Qf2 Qb6 40. Qd2
Qc7 41. Qb4 Qe7 42. Nf5 Bxf5 43. Rxf5 Nf4 44. g3 Nxd3 45. cxd3 Ke8 46. Qb3 Rd4
47. Qg8+ Kd7 {.....} 1-0

[Event "ENCI Limburg-open A"]
[Site "Maastricht"]
[Date "2011.06.12"]
[Round "5"]
[White "Haast, Mark"]
[Black "Noiroux, Kevin"]
[Result "0-1"]
[WhiteElo "2249"]
[BlackElo "2185"]
[PlyCount "76"]
[EventDate "2011.06.10"]
[EventType "swiss"]
[EventRounds "7"]
[EventCountry "NED"]
[Source "P.Boonen"]
[SourceDate "2012.01.01"]

1. e4 d5 2. exd5 Qxd5 3. Nc3 Qa5 4. d4 Nf6 5. Bd2 Bg4 6. f3 Bf5 7. g4 Bg6 8. h4
h6 9. Bc4 Qb6 10. Qe2 Nc6 11. Bb5 O-O-O 12. Na4 Qxd4 13. Bxc6 bxc6 14. Qa6+ Kb8
15. O-O-O Qd5 16. Nc3 Qc5 17. Nh3 Nd5 18. Qe2 e5 19. Ne4 Qb5 20. c4 Qa6 21. Kb1
Bc5 22. Rc1 Bd4 23. Ka1 Bxe4 24. Qxe4 Nf6 25. Qe2 c5 26. Rhe1 Rhe8 27. Bc3 e4
28. Bxd4 cxd4 29. g5 Nd7 30. fxe4 Nc5 31. Qf3 d3 32. Rc3 d2 33. Rd1 Rxe4 34. b4
Na4 35. Rd3 Rxd3 36. Qxd3 Qxc4 37. Qxd2 Re2 38. Rc1 Rxd2 0-1

[Event "ENCI Limburg-open A"]
[Site "Maastricht"]
[Date "2011.06.12"]
[Round "5"]
[White "Harff, Marcel"]
[Black "Magnussen, Helge"]
[Result "1-0"]
[WhiteElo "2217"]
[BlackElo "2131"]
[PlyCount "97"]
[EventDate "2011.06.10"]
[EventType "swiss"]
[EventRounds "7"]
[EventCountry "NED"]
[Source "P.Boonen"]
[SourceDate "2012.01.01"]

1. c4 e6 2. g3 d5 3. Bg2 Nf6 4. Nf3 Be7 5. O-O O-O 6. b3 d4 7. Bb2 c5 8. b4 Nc6
9. b5 Na5 10. d3 Qc7 11. Bc1 e5 12. Bd2 Bd8 13. Bxa5 Qxa5 14. Nxe5 Re8 15. Nf3
a6 16. a4 axb5 17. cxb5 Be6 18. Nfd2 Nd5 19. Nc4 Qb4 20. Bxd5 Bxd5 21. Nbd2 Re7
22. e4 dxe3 23. fxe3 Qc3 24. Ra3 Qb4 25. Qa1 Ba5 26. Rb1 Qxd2 27. Nxd2 Bxd2 28.
e4 Be3+ 29. Kf1 Be6 30. Qb2 Bh3+ 31. Ke1 f5 32. a5 fxe4 33. dxe4 Rxe4 34. Qb3+
c4 35. Qxe3 Rxe3+ 36. Rxe3 Rxa5 37. Re7 Bg2 38. Kd2 Ra3 39. Rc7 Bd5 40. Re1 h6
41. Ree7 Kf8 42. Red7 Rd3+ 43. Kc2 Ke8 44. Rxg7 Kd8 45. b6 Rd4 46. Kc3 Rd1 47.
Rgd7+ Ke8 48. Rh7 Rf1 49. Rc8# 1-0

[Event "ENCI Limburg-open A"]
[Site "Maastricht"]
[Date "2011.06.12"]
[Round "5"]
[White "Henrichs, Thomas"]
[Black "Fier, Alexandr"]
[Result "0-1"]
[WhiteElo "2469"]
[BlackElo "2560"]
[PlyCount "74"]
[EventDate "2011.06.10"]
[EventType "swiss"]
[EventRounds "7"]
[EventCountry "NED"]
[Source "P.Boonen"]
[SourceDate "2012.01.01"]

1. d4 Nf6 2. c4 e6 3. Nf3 d5 4. Nc3 c6 5. Bg5 h6 6. Bh4 dxc4 7. e4 g5 8. Bg3 b5
9. Be2 Bg7 10. e5 Nh5 11. Ne4 O-O 12. Nfxg5 Nxg3 13. hxg3 hxg5 14. Qc2 f5 15.
exf6 Rxf6 16. Nxg5 Rf5 17. Nf3 c5 18. g4 Rd5 19. Ne5 cxd4 20. Qh7+ Kf8 21. Ng6+
Kf7 22. Rh3 Nd7 23. g5 Rxg5 24. Bh5 Nf6 25. Rf3 Bb7 26. Ne5+ Ke7 27. Ng6+ Kd6
28. Qxg7 Rxh5 29. Qxb7 Rh1+ 30. Kd2 Rxa1 31. Rxf6 Qxf6 32. Qa6+ Kc5 33. Qa3+
Kd5 34. Ne7+ Ke4 35. f3+ Kf4 36. Qd6+ Kg5 37. Qg3+ Kh6 0-1

[Event "ENCI Limburg-open A"]
[Site "Maastricht"]
[Date "2011.06.12"]
[Round "5"]
[White "Hetey, Laszlo"]
[Black "Beukema, Stefan"]
[Result "1-0"]
[WhiteElo "2337"]
[BlackElo "2193"]
[PlyCount "63"]
[EventDate "2011.06.10"]
[EventType "swiss"]
[EventRounds "7"]
[EventCountry "NED"]
[Source "P.Boonen"]
[SourceDate "2012.01.01"]

1. d4 Nf6 2. c4 g6 3. Nc3 Bg7 4. e4 d6 5. f3 e5 6. Nge2 O-O 7. Be3 Nc6 8. Qd2
h5 9. O-O-O a6 10. Kb1 Rb8 11. d5 Ne7 12. Nc1 Bd7 13. Bd3 b5 14. c5 dxc5 15.
Bxc5 Ne8 16. h3 Nd6 17. g4 hxg4 18. hxg4 f6 19. Nb3 g5 20. Ne2 Kf7 21. Bb4 Rh8
22. Nc5 Bc8 23. Ng3 Nb7 24. Rxh8 Bxh8 25. Nxa6 Ra8 26. Nc5 Nxc5 27. Bxc5 Ba6
28. Bc2 Nc8 29. d6 Nxd6 30. Bb3+ Kg6 31. Qh2 Bg7 32. Qh5# 1-0

[Event "ENCI Limburg-open A"]
[Site "Maastricht"]
[Date "2011.06.12"]
[Round "5"]
[White "Hoornstra, Hans"]
[Black "Iseringhausen, Martin"]
[Result "1-0"]
[WhiteElo "1967"]
[BlackElo "2064"]
[PlyCount "81"]
[EventDate "2011.06.10"]
[EventType "swiss"]
[EventRounds "7"]
[EventCountry "NED"]
[Source "P.Boonen"]
[SourceDate "2012.01.01"]

1. e4 e6 2. d3 d5 3. Nd2 Ne7 4. Ngf3 g6 5. g3 Bg7 6. Bg2 O-O 7. O-O c5 8. c3
Nbc6 9. Re1 b6 10. Nf1 a5 11. e5 Ba6 12. Bf4 b5 13. Qd2 b4 14. g4 Qb6 15. Ng3
Qb5 16. Bf1 bxc3 17. bxc3 Qa4 18. h4 d4 19. c4 Qb4 20. Qc1 Qc3 21. Qd1 Nb4 22.
Ne4 Qc2 23. Nxc5 Rfd8 24. a3 Qxd1 25. Raxd1 Nbc6 26. Rb1 h6 27. Bg2 Ra7 28. Rb6
Bc8 29. Ne4 Bf8 30. Nf6+ Kg7 31. Nd2 Rc7 32. Nde4 Na7 33. Nd6 Bd7 34. Reb1 Nec8
35. Nxc8 Nxc8 36. Rb7 Rxb7 37. Rxb7 Be8 38. Bd2 Ne7 39. Bxa5 Ra8 40. Rxe7 Rxa5
41. Nxe8+ 1-0

[Event "ENCI Limburg-open A"]
[Site "Maastricht"]
[Date "2011.06.12"]
[Round "5"]
[White "Hovhanisian, Mher"]
[Black "Offringa, Joost"]
[Result "1/2-1/2"]
[WhiteElo "2472"]
[BlackElo "2060"]
[PlyCount "100"]
[EventDate "2011.06.10"]
[EventType "swiss"]
[EventRounds "7"]
[EventCountry "NED"]
[Source "P.Boonen"]
[SourceDate "2012.01.01"]

1. e4 e5 2. Nf3 Nc6 3. Nc3 Nf6 4. Bb5 Bb4 5. O-O O-O 6. d3 d6 7. Bg5 Be6 8. Nd5
Bxd5 9. exd5 Nd4 10. Nxd4 exd4 11. a3 Ba5 12. b4 Bb6 13. Qf3 a5 14. Rae1 axb4
15. axb4 h6 16. Bxf6 Qxf6 17. Qxf6 gxf6 18. Ra1 Rfd8 19. g3 Kg7 20. Kg2 f5 21.
Kf3 Kf6 22. Rfe1 Kg5 23. h4+ Kf6 24. Kf4 Rxa1 25. Rxa1 Kg6 26. Re1 Ra8 27. Bd7
Ra2 28. Re2 Rb2 29. Bxf5+ Kf6 30. Bc8 Rxb4 31. Bxb7 Rb1 32. Bc8 Ba5 33. Kg4 Rf1
34. Kh5 Re1 35. Re4 Rxe4 36. dxe4 Be1 37. Kxh6 Bxf2 38. h5 Bxg3 39. Ba6 Bf4+
40. Kh7 Kg5 41. Be2 Be5 42. Kg8 Kh6 43. Kxf7 Bf4 44. Kf6 Be5+ 45. Ke7 Bf4 46.
Kd7 Be5 47. Kxc7 Kg7 48. Kd7 Kh6 49. Ke6 Kg7 50. Kf5 Kh6 1/2-1/2

[Event "ENCI Limburg-open A"]
[Site "Maastricht"]
[Date "2011.06.12"]
[Round "5"]
[White "Kampman, Tijmen"]
[Black "Van Liempt, Michael"]
[Result "0-1"]
[WhiteElo "2108"]
[BlackElo "1891"]
[PlyCount "182"]
[EventDate "2011.06.10"]
[EventType "swiss"]
[EventRounds "7"]
[EventCountry "NED"]
[Source "P.Boonen"]
[SourceDate "2012.01.01"]

1. e4 c5 2. Nc3 Nc6 3. f4 g6 4. Nf3 Bg7 5. Bb5 Nd4 6. O-O e6 7. d3 Ne7 8. Nxd4
cxd4 9. Ne2 O-O 10. Qe1 d5 11. e5 Qb6 12. Ba4 f6 13. exf6 Bxf6 14. Bb3 Bd7 15.
Kh1 a5 16. a4 Nf5 17. Ng1 Rfc8 18. Nf3 Qd6 19. Ne5 b6 20. Bd2 Rc7 21. g4 Ne7
22. Qe2 Nc6 23. Rae1 Re8 24. Qf3 Bc8 25. Nxc6 Qxc6 26. f5 Bh4 27. fxe6 Bxe1 28.
Bxd5 Qxd5 29. Qxd5 Bb7 30. Qxb7 Rxb7 31. Rxe1 Rbe7 32. b4 axb4 33. Kg2 Rxe6 34.
Rxe6 Rxe6 35. Kf3 Rc6 36. Bxb4 Rxc2 37. Bd6 Ra2 38. Bc7 Rxa4 39. Bxb6 Kf7 40.
Ke4 Ke6 41. Bc7 Ra1 42. Bf4 Rg1 43. Bg3 Ra1 44. Bf4 Ra4 45. Bc7 Rb4 46. Bg3 Kd7
47. Be5 Kc6 48. Bxd4 Kd6 49. h3 Ke6 50. Ke3 Kd5 51. Bf6 Rb1 52. Kf4 Rf1+ 53.
Kg5 Rf3 54. h4 Ke6 55. Bh8 Rxd3 56. h5 Rd8 57. Bc3 Rd5+ 58. Kh6 gxh5 59. gxh5
Kf7 60. Bb2 Kg8 61. Bc3 Rd6+ 62. Kg5 Kf7 63. h6 Rd5+ 64. Kg4 Kg6 65. Bg7 Rf5
66. Kg3 Kg5 67. Kh3 Rf3+ 68. Kg2 Kg4 69. Bh8 Rf8 70. Bg7 Rf5 71. Bh8 Rf3 72.
Bg7 Rh3 73. Kf2 Kf4 74. Ke2 Ke4 75. Kd2 Rg3 76. Kc2 Rd3 77. Kb2 Kd5 78. Kc2 Kc4
79. Kb2 Rd2+ 80. Ka3 Rf2 81. Bh8 Rf3+ 82. Kb2 Rh3 83. Bg7 Rh5 84. Bf8 Rb5+ 85.
Ka3 Rb3+ 86. Ka2 Kc3 87. Bg7+ Kc2 88. Be5 Rh3 89. Bg7 Rf3 90. Be5 Rf5 91. Bc7
Rf6 0-1

[Event "ENCI Limburg-open A"]
[Site "Maastricht"]
[Date "2011.06.12"]
[Round "5"]
[White "Klein, Felix"]
[Black "Timmermans, Ivo"]
[Result "1/2-1/2"]
[WhiteElo "2243"]
[BlackElo "2219"]
[PlyCount "53"]
[EventDate "2011.06.10"]
[EventType "swiss"]
[EventRounds "7"]
[EventCountry "NED"]
[Source "P.Boonen"]
[SourceDate "2012.01.01"]

1. e4 e5 2. Nf3 Nc6 3. Bb5 a6 4. Ba4 Nf6 5. O-O Nxe4 6. d4 b5 7. Bb3 d5 8. dxe5
Be6 9. Nbd2 Nc5 10. c3 d4 11. Bxe6 Nxe6 12. cxd4 Ncxd4 13. a4 Bc5 14. Ne4 Bb6
15. Nfg5 Nxg5 16. Nxg5 h6 17. Ne4 Qh4 18. Re1 Rd8 19. axb5 axb5 20. Ra3 Ne6 21.
Qe2 Nd4 22. Qd1 Ne6 23. Bd2 Ng5 24. Bxg5 hxg5 25. Qxd8+ Kxd8 26. Rh3 Rh5 27.
Rxh4 1/2-1/2

[Event "ENCI Limburg-open A"]
[Site "Maastricht"]
[Date "2011.06.12"]
[Round "5"]
[White "Koop, Soeren"]
[Black "Meng, Roger"]
[Result "1/2-1/2"]
[WhiteElo "2045"]
[BlackElo "2255"]
[PlyCount "104"]
[EventDate "2011.06.10"]
[EventType "swiss"]
[EventRounds "7"]
[EventCountry "NED"]
[Source "P.Boonen"]
[SourceDate "2012.01.01"]

1. e4 g6 2. d4 Bg7 3. f4 d5 4. e5 h5 5. Nf3 Nh6 6. Be3 c6 7. Nc3 Qb6 8. Na4
Qa5+ 9. c3 Bg4 10. Nc5 Qc7 11. h3 Bxf3 12. Qxf3 b6 13. Nd3 Nf5 14. g3 Nxe3 15.
Qxe3 e6 16. Be2 Nd7 17. O-O-O O-O-O 18. Kb1 c5 19. g4 c4 20. Nf2 Bh6 21. gxh5
gxh5 22. Qf3 f6 23. f5 Qc6 24. Bxc4 Qxc4 25. fxe6 fxe5 26. exd7+ Rxd7 27. dxe5
Rf8 28. Qxh5 Rxf2 29. Qxh6 Qe2 30. Qc1 Qxe5 31. Rdf1 Rg2 32. Qd1 Re7 33. Ka1
Qe2 34. Qxe2 Rexe2 35. Rb1 Rh2 36. h4 Rxb2 37. Rxh2 Rxh2 38. Rd1 Rxh4 39. Rxd5
Rh2 40. Kb1 Kc7 41. Rg5 Kc6 42. Rf5 Rd2 43. Rh5 a6 44. Rg5 a5 45. a4 Re2 46.
Rg4 Kd5 47. Rd4+ Kc5 48. Rh4 Rd2 49. Rg4 Rf2 50. Rh4 Rf1+ 51. Kc2 Ra1 52. Kb2
Re1 1/2-1/2

[Event "ENCI Limburg-open A"]
[Site "Maastricht"]
[Date "2011.06.12"]
[Round "5"]
[White "Lenhardt, Manfred"]
[Black "Jahncke, Giso"]
[Result "0-1"]
[WhiteElo "2111"]
[BlackElo "2208"]
[PlyCount "68"]
[EventDate "2011.06.10"]
[EventType "swiss"]
[EventRounds "7"]
[EventCountry "NED"]
[Source "P.Boonen"]
[SourceDate "2012.01.01"]

1. d4 Nf6 2. Bf4 g6 3. e3 Bg7 4. Be2 d6 5. Nd2 O-O 6. h3 c5 7. c3 Be6 8. Ngf3
Qb6 9. Qc1 cxd4 10. exd4 Nc6 11. O-O Rac8 12. Re1 a5 13. a4 Nb4 14. Bh2 Bf5 15.
Nc4 Qd8 16. cxb4 d5 17. b3 dxc4 18. bxc4 Nd5 19. g4 Be6 20. bxa5 Qxa5 21. Qd2
Qxd2 22. Nxd2 Nb4 23. Rab1 Nc2 24. Rec1 Nxd4 25. Bf1 Bh6 26. f4 Rfd8 27. Kf2
Ra8 28. Rxb7 Rxa4 29. Rcb1 Nc6 30. Nf3 Bxc4 31. Bxc4 Rxc4 32. g5 Bg7 33. Re1
Rd3 34. Rc7 Rxf3+ 0-1

[Event "ENCI Limburg-open A"]
[Site "Maastricht"]
[Date "2011.06.12"]
[Round "5"]
[White "Loehnhardt, Benjamin"]
[Black "Vrancken, Gilbert"]
[Result "0-1"]
[WhiteElo "2058"]
[BlackElo "2189"]
[PlyCount "72"]
[EventDate "2011.06.10"]
[EventType "swiss"]
[EventRounds "7"]
[EventCountry "NED"]
[Source "P.Boonen"]
[SourceDate "2012.01.01"]

1. e4 c5 2. Nf3 d6 3. d4 cxd4 4. Nxd4 Nf6 5. Nc3 a6 6. Be3 Ng4 7. Bg5 h6 8. Bh4
g5 9. Bg3 Bg7 10. Be2 Ne5 11. Nd5 e6 12. Ne3 Nbc6 13. c3 Qe7 14. Qd2 Bd7 15. f3
O-O-O 16. b4 Nxd4 17. cxd4 Nc6 18. Rc1 Kb8 19. d5 Nd4 20. Bd3 Be5 21. Bf2 Rc8
22. Nc2 Nxf3+ 23. gxf3 Bc3 24. Qxc3 Rxc3 25. Kd2 Qf6 26. e5 Rxd3+ 27. Kxd3
Qxf3+ 28. Be3 Bb5+ 29. Kc3 Rc8+ 30. Kb2 Rxc2+ 31. Kxc2 Qxe3 32. exd6 Bd3+ 33.
Kb2 Qd4+ 34. Ka3 Qxd5 35. Rhd1 Qxd6 36. Rc3 a5 0-1

[Event "ENCI Limburg-open A"]
[Site "Maastricht"]
[Date "2011.06.12"]
[Round "5"]
[White "Nabuurs, Joep"]
[Black "Cox, Jan"]
[Result "1-0"]
[WhiteElo "2212"]
[BlackElo "1955"]
[Annotator "Nabuurs"]
[PlyCount "85"]
[EventDate "2011.06.10"]
[EventType "swiss"]
[EventRounds "7"]
[EventCountry "NED"]
[Source "P.Boonen"]
[SourceDate "2012.01.01"]

1. e4 e5 2. Nf3 Nc6 3. Bb5 {Het Spaans is waarschijnlijk de meest leerzame
opening binnen het e4-e5-rijk en misschien ook daarbuiten. Sinds ik daar
achter kwam ben ik het stilaan gaan spelen. Het theorieoerwoud ziet er
weliswaar eng uit, maar ooit moet je toch de sprong in het diepe wagen. Ik kan
niet eeuwig koningsgambiet met 3. Le2 blijven spelen.} a6 4. Ba4 Nf6 5. O-O Be7
6. Re1 b5 7. Bb3 O-O 8. h3 d6 9. c3 Na5 10. Bc2 c5 11. d4 {De hoofdvariant.}
Qc7 12. Nbd2 Rd8 13. d5 c4 14. Nf1 Nb7 15. Ng3 g6 16. Bh6 a5 17. Qd2 Nc5 {Hier
zag ik al vrij snel de zet Pf5. Dit kun je niet echt een offer noemen, want
gxf5 verliest meteen na Dg5+ en mat op g7. Maar de vraag was voor mij: Moet je
dit nou meteen doen of eerst voorbereiden middels Tad1 of Pf3-h2-g4? Immers
wil ik ook zwart niet te veel tempi geven om b5-b4 door te kunnen zetten. Na
20 minuten wikken en wegen vond ik het welletjes.} 18. Nh2 Bd7 {Dit is geen
slechte zet, maar toch was ik blij hem te zien. Na Pf5 moet haast wel Lxf5,
dus heb ik nu gratis Ph2 kunnen spelen. Na nog eens 10 minuten besloot ik dat
de tijd nu wel rijp was.} 19. Nf5 Bxf5 20. exf5 Qb7 21. Rad1 b4 22. Ng4 Rdb8
23. Qg5 Nxd5 $5 24. f6 Nf4 {[Diagram] Dat dreigt mat in 1! Eerst zag ik zetten
als f3 en Pxe5, maar toen ik eenmaal de volgende zet zag en uitrekenende tot
aan het vangnet (zie later) kon ik het toch echt niet meer laten. Na vier
minuten besteed te hebben speelde ik:} 25. Qxf4 $3 {Volgens de computer
volledig correct.} exf4 26. Rxe7 Ne6 {Dit was mijn vangnet. Ik dacht dat de
dame niet kon wijken vanwege een pittoresk mat, bijvoorbeeld: Het vangnet is
dat de dame dus zou moeten blijven en ik deze zou kunnen slaan, om zo
uiteindelijk 2 stukken voor de toren gewonnen te hebben. Overigens werd ik
later erop gewezen dat als de dame wijkt zwart nog op tijd Pd3 zou kunnen
spelen om zo Lc2 buiten de deur te houden. Maar als de computer wat langer
rekent blijkt ook dit niet te werken. Hoe dan ook, het fijne van vangnetten is
dat ze je de luxe geven om vol vertrouwen een aantal zetten te spelen en
daarna opnieuw te kunnen gaan rekenen. Hier zag ik kans de dame nog even te
negeren:} (26... Qc8 27. Bg7 h5 28. Nh6+ Kh7 29. Nxf7 Rb7 30. Ng5+ Kg8 31. Bxg6
Rxe7 32. Bh7# {[Diagram, please?]}) 27. Rxd6 $1 bxc3 28. Rdxe6 $1 cxb2 ({Ik
had een mat berekend na} 28... fxe6 {[Diagram] Voor de echte schaakliefhebbers
hier de mogelijkheid om de matvoering zelf te vinden, zonder dat deze meteen
hieronder per ongeluk te lezen is. Voor de rest: De oplossing komt aan het
eind.}) 29. Rxb7 {Ik had nog gerekend of ik met Lg7 op mat kon spelen, om na
b1D+ zelfs ijskoud eerst Kh2 te doen en zwart even twee dames te laten hebben.
Maar zo hard als ik rekende, ik kreeg het niet kloppend, concludeerde dat het
te ver zou gaan en dan moet je het niet doen. De computer vindt Kh2 ook
overdreven, maar Lg7 lijkt te kunnen. Een snel mat zit er echter niet in.
Overigens is Txb7 wel de beste zet.} Rxb7 30. Re1 Rab8 31. Bb1 Rc8 32. Bxf4 h5
33. Ne3 c3 34. Rd1 {Na vier minuten aan deze zet besteed te hebben, had ik er
nog twee over om de laatste zes zetten tot de 40 te blitzen. (Mart: "Noem jij
dat blitzen? Daar blijf ik nog noteren!") Maar ik had al gepland om een web op
het bord te gaan zetten.} Kh7 35. Be5 Rb5 36. f4 Rbc5 37. Bc2 Kg8 38. h4 Rb5
39. a4 Rb4 {[Diagram] Dit is dus het web dat ik voor ogen had. Alles dekt
elkaar en zwart heeft niet eens een breekzet.} 40. Kf2 Rc6 41. Nd5 b1=Q 42.
Rxb1 Rxb1 43. Ne7+ (43. Ne7+ {Hier gaf Jan op. Na} Kf8 44. Nxc6 Rc1 45. Nd4 {
heb ik wederom een web. Ten slotte zoals beloofd even terug: Na 28. .. .,fxe6
heeft wit geforceerd mat in 4 met 29. f7+ Kh8 30. f8T+ Txf8 31. Lg7+ Kg8 32.
Ph6#}) 1-0

[Event "ENCI Limburg-open A"]
[Site "Maastricht"]
[Date "2011.06.12"]
[Round "5"]
[White "Oosterman, Maarten Jan"]
[Black "Dorr, Yannick"]
[Result "0-1"]
[WhiteElo "2010"]
[BlackElo "1917"]
[PlyCount "74"]
[EventDate "2011.06.10"]
[EventType "swiss"]
[EventRounds "7"]
[EventCountry "NED"]
[Source "P.Boonen"]
[SourceDate "2012.01.01"]

1. e4 c5 2. c3 e6 3. d4 cxd4 4. cxd4 Nf6 5. Nc3 Bb4 6. Bd3 h6 7. Nf3 Nc6 8. O-O
O-O 9. e5 Ne8 10. Ne4 d6 11. exd6 Nxd6 12. Ng3 Ne8 13. Bc2 Nf6 14. Qd3 Ne7 15.
Ne5 Nf5 16. Ne2 Bd6 17. f4 Nd5 18. Bd2 h5 19. Ng3 g6 20. Ne4 Qb6 21. Nxd6 Qxd6
22. Rae1 b6 23. a3 a5 24. Rf3 Ba6 25. Qe4 Nf6 26. Qc6 Qxd4+ 27. Be3 Nxe3 28.
Rfxe3 Rac8 29. Qa4 Qxb2 30. Bxg6 fxg6 31. Nxg6 Rf7 32. Qd1 Rg7 33. Rg3 Kh7 34.
Rb3 Qc2 35. Qxc2 Rxc2 36. Nh4 Nd5 37. g3 Nxf4 0-1

[Event "ENCI Limburg-open A"]
[Site "Maastricht"]
[Date "2011.06.12"]
[Round "5"]
[White "Perrenet, Jacob"]
[Black "Voicu, Carmen"]
[Result "1-0"]
[WhiteElo "2059"]
[BlackElo "2303"]
[PlyCount "121"]
[EventDate "2011.06.10"]
[EventType "swiss"]
[EventRounds "7"]
[EventCountry "NED"]
[Source "P.Boonen"]
[SourceDate "2012.01.01"]

1. Nc3 c5 2. d4 cxd4 3. Qxd4 e6 4. e4 Nc6 5. Qa4 a6 6. Nf3 Rb8 7. e5 Bb4 8. a3
b5 9. Qb3 Ba5 10. Bd2 Bc7 11. Bf4 Nge7 12. Bd3 Bb7 13. Ne4 h6 14. Bg3 Nd5 15.
c3 Nce7 16. Qc2 Nf5 17. Nd6+ Bxd6 18. exd6 Nxg3 19. hxg3 Qb6 20. Rd1 Qxd6 21.
Kf1 Qc5 22. Kg1 Nf6 23. Rh4 Bxf3 24. gxf3 d5 25. Kg2 Nd7 26. Re1 Qd6 27. Rg4
Kf8 28. Qe2 Nb6 29. Rf4 Kg8 30. b3 Nd7 31. a4 bxa4 32. b4 e5 33. Rh4 g5 34.
Rhh1 Kg7 35. Ra1 Nb6 36. Bxa6 Rhe8 37. Bb5 Re7 38. Bxa4 Rc8 39. Qd3 Rec7 40.
Bc2 e4 41. Qd4+ f6 42. fxe4 Rc4 43. Qd1 Rxc3 44. Ra7+ R8c7 45. Rxc7+ Qxc7 46.
Bb1 Qf7 47. Qd4 Rc6 48. b5 Rd6 49. Rc1 Qe7 50. Rc6 Qd8 51. e5 fxe5 52. Qxe5+
Rf6 53. Rc7+ Kg8 54. Re7 Qf8 55. Re8 Rxf2+ 56. Kh3 Nd7 57. Rxf8+ Nxf8 58. Qxd5+
Kg7 59. Qd4+ Rf6 60. b6 Ne6 61. Qd7+ 1-0